2 Segundo sector informal y movimiento obrero: temas laborales

Zapisane w:
Opis bibliograficzny
Korporacja: Centro de Estudios de Trabajo
Format: Texto
Wydane: s.l.: Offset Boliviana
Etykiety: Dodaj etykietę
Nie ma etykietki, Dołącz pierwszą etykiete!

MARC

LEADER 00000 a a2200000 04500
001 25333
003
040
020 |a 4-1-218-87  
090 |a 181100  
110 |a Centro de Estudios de Trabajo  
245 |a 2 Segundo sector informal y movimiento obrero: temas laborales  
260 |a s.l.:   |b Offset Boliviana  
300 |a 69 p   |b **no definido**  
999 |c 15829  |d 15829